| 000 -LEADER |
| fixed length control field |
01499cam a2200229Ia 4500 |
| 020 ## - INTERNATIONAL STANDARD BOOK NUMBER |
| ISBN |
9789251061343 |
| 020 ## - INTERNATIONAL STANDARD BOOK NUMBER |
| ISBN |
9251061343 |
| 040 ## - CATALOGING SOURCE |
| Transcribing agency |
BTCTA |
| 082 ## - DEWEY DECIMAL CLASSIFICATION NUMBER |
| Classification number |
636 RUR 2009 A036 Or. |
| 100 1# - MAIN ENTRY--AUTHOR NAME |
| Personal name |
Henriksen, J©ırgen |
| 245 10 - TITLE STATEMENT |
| Title |
Milk for health and wealth / |
| 260 ## - PUBLICATION, DISTRIBUTION, ETC. (IMPRINT) |
| Place of publication |
Rome : |
| Name of publisher |
Rural Infrastructure and Agro-Industries Division, Food and Agriculture Organization of the United Nations, |
| Year of publication |
2009 |
| 300 ## - PHYSICAL DESCRIPTION |
| Number of Pages |
vii, 58 p. : |
| Other physical details |
ill. ; |
| Dimensions |
21 cm |
| 490 1# - SERIES STATEMENT |
| Series statement |
FAO diversification booklet, |
| 520 ## - SUMMARY, ETC. |
| Summary, etc |
Smallholder dairying offers high returns to land and labor, a source of regular income, gives women an opportunity to become economically active, encourages cooperation between smallholders and transfers capital from urban centers to rural areas through the trade of milk: a low risk and low cost activity that has the potential to reduce poverty and improve livelihoods. The target audience for the FAO Diversification booklets are people and organizations that provide advisory, business and technical support to small-scale farmers and local communities in low and middle-income countries, as well as policy makers and program managers. Each booklet identifies additional sources of information, technical support and websites.--Publisher's description |
| 650 #0 - SUBJECT ADDED ENTRY--TOPICAL TERM |
| Topical Term |
Dairying |
| 650 #0 - SUBJECT ADDED ENTRY--TOPICAL TERM |
| Topical Term |
Dairy farming |
| 650 #0 - SUBJECT ADDED ENTRY--TOPICAL TERM |
| Topical Term |
Dairy products |
| 710 2# - ADDED ENTRY--CORPORATE NAME |
| Corporate name or jurisdiction name as entry element |
Food and Agriculture Organization of the United Nations |
| 856 11 - ELECTRONIC LOCATION AND ACCESS |
| Uniform Resource Identifier |
ftp://ftp.fao.org/docrep/fao/011/i0521e/i0521e00.pdf |
| 942 ## - ADDED ENTRY ELEMENTS (KOHA) |
| Koha item type |
សៀវភៅភាសាអង់គ្លេស |
| 952 ## - LOCATION AND ITEM INFORMATION (KOHA) |
| Withdrawn status [LOCAL, KOHA] |
0 |
| 952 ## - LOCATION AND ITEM INFORMATION (KOHA) |
| Withdrawn status [LOCAL, KOHA] |
0 |